[Event "Mumbai Mayors Cup 4th"]
[Site "Mumbai"]
[Date "2011.09.16"]
[Round "1"]
[White "Sanjeev, Pitale"]
[Black "Prasanna Raghuram, Rao"]
[Result "0-1"]
[WhiteElo "1768"]
[BlackElo "2418"]
[PlyCount "52"]
[EventDate "2011.09.16"]
[EventType "swiss"]
[EventRounds "11"]
[EventCountry "IND"]
[SourceTitle "CBM 144 Extra"]
[Source "ChessBase"]
[SourceDate "2011.10.28"]
[SourceVersion "1"]
[SourceVersionDate "2011.10.28"]
[SourceQuality "1"]

1. d4 Nf6 2. Nf3 e6 3. g3 d5 4. Bg2 b5 5. 0-0 Bb7 6. b3 Nbd7 7. Bb2 c5 8. dxc5 Bxc5 9. e3 0-0 10. Nbd2 Rc8 11. Re1 Qc7 12. c3 Rfd8 13. b4 Bb6 14. a4 bxa4 15. Qxa4 Ne4 16. Rac1 Nxd2 17. Nxd2 Ne5 18. Bf1 h6 19. Be2 Qe7 20. Qb3 Qf6 21. c4 dxc4 22. Nxc4 Nf3+ 23. Kf1 Nxh2+ 24. Kg1 Nf3+ 25. Kf1 Qf5 26. Bxf3 Bxf3 0-1